Obras completas de Juan Ruiz de Alarcón: teatro
Kaydedildi:
| Yazar: | |
|---|---|
| Materyal Türü: | Kitap |
| Dil: | İspanyolca |
| Baskı/Yayın Bilgisi: |
Ciudad de México
Fondo de Cultura Económica
1959
|
| Seri Bilgileri: | Biblioteca Americana
|
| Konular: | |
| Etiketler: |
Etiketle
Etiket eklenmemiş, İlk siz ekleyin!
|
MARC
| LEADER | 00000nam a2200000 a 4500 | ||
|---|---|---|---|
| 001 | UCX5495 | ||
| 003 | CL-VaPUC | ||
| 008 | 921120e19590000MX |||||||||||||||||spa|d | ||
| 082 | 0 | 4 | |a Me862 |b RUI |2 21 |
| 100 | 0 | |a Ruiz de Alarcón, Juan |e author |9 321774 | |
| 245 | 1 | 0 | |a Obras completas de Juan Ruiz de Alarcón: teatro |
| 300 | |a v | ||
| 942 | |c BK | ||
| 945 | |d 19921120 00:00:00 | ||
| 260 | |a Ciudad de México |b Fondo de Cultura Económica |c 1959 | ||
| 500 | |a v.2: Teatro | ||
| 650 | 7 | |a DRAMAS MEXICANOS |2 CL-VaPUC |9 321775 | |
| 583 | |a last modification |c 19921120 00:00:00 |k Rodrigo Vera | ||
| 490 | 0 | |a Biblioteca Americana | |
| 999 | |c 225727 |d 225725 | ||
| 952 | |0 0 |1 0 |4 0 |6 ME_862_000000000000000_RUI_1959 |7 0 |8 R |9 223489 |a BIBEDU |b BIBEDU |c MCIRC |d 2019-11-15 |h v.2 |i 2923157 |o Me862 RUI 1959 |p 2923157 |r 2023-01-13 |w 2019-11-15 |y BK_R |k LIT | ||